| 000 | 00810nam a2200229 i 4500 | ||
|---|---|---|---|
| 001 | 184981 | ||
| 003 | SpMaBN | ||
| 005 | 20240125063159.0 | ||
| 008 | 160302s2008 sp aco |||| |aspa d | ||
| 020 | _a978-84-96467-72-9 | ||
| 080 | _a929 Monleón, José | ||
| 100 | 1 |
_aMonleón, José, _d1927-2016 _982230 |
|
| 245 | 1 | 3 |
_aLa travesía, 1927-2008 _b: memoria de mi tiempo / _cJosé Monleón ; [introducción, por Ada del Moral]. |
| 260 |
_aMadrid : _bMarcial Pons Historia, _c2008. |
||
| 300 |
_a266 p. : _bil., retr. ; _c22 cm. |
||
| 490 | 1 | _aMemorias y biografías | |
| 600 | 1 | 4 |
_aMonleón, José, _d1927-2016 _982230 |
| 700 | 1 |
_aMoral, Ada del. _9149371 |
|
| 830 | 0 |
_aMemorias y biografías _9183047 |
|
| 852 |
_aES-MaACL _jL-30237 _z. - Donat. Carmen Zumárraga |
||
| 999 |
_c184981 _d184981 |
||